Statistics for Lili Reinhart Filmography

Click here to take the quiz!

General Stats

  • This quiz has been taken 16 times
    (9 since last reset)
  • The average score is 4 of 20

Answer Stats

TypeYearName% Correct
TV Show2017-PresentRiverdale
100%
Film2020Chemical Hearts
56%
Film2019Hustlers
56%
Film2016Miss Stevens
33%
TV Show2014Surviving Jack
22%
Film2018Galveston
22%
Film2013The Kings of Summer
22%
TV Film2015Cocked
11%
Film2016The Good Neighbor
11%
Short Film2010For Today
11%
Short Film2011The Most Girl Part of You
11%
Film2013Forever's End
11%
Film2013Gibsonburg
11%
Short Film2013The First Hope
11%
Film2012Not Waving but Drowning
11%
TV Show2011Scientastic!
11%
Film2011Lilith
11%
TV Show2020The Simpsons
11%
TV Show2011Law & Order: Special Victims Unit
0%
TV Special2020One World: Together at Home
0%

Score Distribution

Percentile by Number Answered

Percent of People with Each Score

Your Score History

You have not taken this quiz since the last reset